Les noms des établissements scolaires en France - 5 - Statistiques

Statistiques générales
  • Ce quiz a été pris 21 fois
  • Le résultat moyen est 10 sur 50
Statistiques - réponses
Nombre Dates Indices Nom % Correct
302 1900-1944 Pilote - Ecrivain - Le Petit prince Antoine de {Saint-Exupéry}
83%
296 1899-1943 Haut-fonctionnaire - Résistant - Torturé à mort Jean {Moulin}
78%
9 1889-1977 Réalisateur - Acteur - Charlot Charlie {Chaplin}
67%
18 1890-1970 Général - France Libre - Président Charles de {Gaulle}
61%
84 1894-1977 Ecrivain - L'Aventure humaine - Académicien Jean {Rostand}
56%
53 1897-1982 Poète - Journaliste - Les yeux d'Elsa Louis {Aragon}
50%
181 1895-1974 Dramaturge - Cinéaste - Topaze Marcel {Pagnol}
50%
19 1886-1963 Cofondateur de l'Europe - Avocat Robert {Schuman}
50%
10 1887-1985 Né en Biélorussie - Artiste peintre - Opéra Garnier Marc {Chagall}
44%
78 1895-1952 Poète - Liberté Eugène Grindel dit Paul {Eluard}
39%
14 1889-1963 Ecrivain - Dessinateur - Jean Marais Jean {Cocteau}
39%
5 1884-1966 Président - Avocat Vincent {Auriol}
33%
52 1896-1970 Née en Russie - Femme de lettres - Résistante Elsa {Triolet}
28%
35 1900-1940 Homme politique - Avocat - Clubs Léo {Lagrange}
28%
5 1887-1951 Comédien - Knock Louis {Jouvet}
22%
49 1900-1945 Poète - Résistant - Déporté Robert {Desnos}
22%
9 1885-1970 Ecrivain - Nobel de Littérature - Académicien François {Mauriac}
17%
12 1886-1955 Femme de président - "Grand-mère" Germaine {Coty}
17%
5 1882-1944 Ecrivain - La guerre de Troie n'aura pas lieu Jean {Giraudoux}
17%
62 1888-1979 Cofondateur de l'Europe - Haut-fonctionnaire - Au Panthéon Jean {Monnet}
17%
30 1890-1936 Maire de Lille - Suicidé Roger {Salengro}
17%
6 1897-1974 Homme politique - Président du conseil André {Marie}
11%
6 1899-1970 Homme politique - Résistant - Déporté Edmond {Michelet}
11%
22 1894-1917 Aviateur - 53 victoires - Tué au combat Georges {Guynemer}
11%
14 1886-1914 Ecrivain - Le Grand Meaulnes - Mort pour la France Henri Fournier dit {Alain-Fournier}
11%
8 1886-1944 Historien - Résistant - Exécuté Marc {Bloch}
11%
12 1898-1952 Aviatrice - Capitaine - Tuée dans un accident Maryse {Bastié}
11%
46 1887-1976 Juriste - Diplomate - Au Panthéon René {Cassin}
11%
34 1896-1966 Pédagogue - Résistant - Syndicaliste Célestin {Freinet}
6%
8 1886-1963 Vétérinaire - Diphtérie Gaston {Ramon}
6%
7 1896-1975 Homme politique - Candidat à la présidentielle Jacques {Duclos}
6%
5 1893-1983 Femme de lettres - Femme politique Louise {Weiss}
6%
11 1883-1956 Artiste peintre - Poète - Apollinaire Marie {Laurencin}
6%
7 1883-1967 Poétesse - La fauvette d'Auxerre Marie {Noël}
6%
22 1890-1980 Ecrivain - Raboliot - Académicien Maurice {Genevoix}
6%
13 1885-1979 Née en Ukraine - Artiste peintre - Epouse de Robert Sonia {Delaunay}
6%
6 1900-1944 Résistant - Déporté André {Pantigny}
0%
6 1899-1997 Photographe - Océanographe Anita {Conti}
0%
5 1898-1958 Instituteur - Résistant Charles {Sandro}
0%
7 1885-1942 Ecrivain - Les hommes frénétiques Ernest {Pérochon}
0%
14 1886-1945 Syndicaliste - Résistant - Déporté Georges {Lapierre}
0%
8 1890-1978 Ecrivain - Journal d'un homme de 40 ans - Résistant Jean {Guéhenno}
0%
9 1892-1966 Plasticien - Tapisseries - Le chant du monde Jean {Lurçat}
0%
5 1891-1964 Historien - Hispaniste Jean {Sarrailh}
0%
5 1883-1958 Artiste peintre - Libertaire Louis {Moreau}
0%
14 1896-1986 Femme de lettres - Mont Paon Marie {Mauron}
0%
12 1899-1978 Belge - Ecrivain - L'eau passe Maurice {Carême}
0%
27 1892-1937 Avocat - Ecrivain - Homme politique Paul {Vaillant-Couturier}
0%
9 1887-1942 Syndicaliste - Résistant - Fusillé Pierre {Sémard}
0%
5 1883-1944 Femme politique - Résistante - Déportée Suzanne {Buisson}
0%
Aucun quiz correspondant
Distribution des résultats
% des personnes avec chaque résultat
Percentile par nombre de réponses
Votre historique - résultats
Vous n’avez pas pris ce quiz